[Event "World Cup"]
[Site "Khanty-Mansiysk RUS"]
[Date "2019.09.12"]
[EventDate "2019.09.10"]
[Round "1.6"]
[Result "0-1"]
[White "Abhijeet Gupta"]
[Black "Anton Korobov"]
[WhiteElo "2609"]
[BlackElo "2679"]
[PlyCount "134"]

1. d4 Nf6 2. c4 e6 3. Nc3 d5 4. cxd5 exd5 5. Bg5 c6 6. Qc2 Be7
7. e3 Nbd7 8. Bd3 Nh5 9. Bxe7 Qxe7 10. O-O-O Nb6 11. h3 Nf6
12. g4 Be6 13. f4 O-O-O 14. Nf3 Kb8 15. Kb1 g6 16. Ne5 h5
17. g5 Nfd7 18. h4 Nxe5 19. fxe5 c5 20. Rhf1 Rc8 21. Qf2 cxd4
22. exd4 a6 23. Rc1 Nc4 24. Qf6 Qb4 25. Bxc4 Qxc4 26. Rfd1 Qb4
27. Ka1 Rhe8 28. a3 Qb3 29. Qf2 Rc4 30. Qc2 Qb6 31. b3 Rc6
32. Kb2 Rec8 33. Qd2 Qd8 34. Na4 b6 35. Qb4 Ka7 36. Rxc6 Rxc6
37. Rc1 Rxc1 38. Kxc1 Bd7 39. Nc3 Be6 40. Kb2 Kb7 41. a4 Ka7
42. Qa3 Kb7 43. a5 b5 44. Qb4 Ka8 45. Na2 Kb7 46. Qc3 Qc7
47. Qxc7+ Kxc7 48. Kc3 Bc8 49. Nb4 Bb7 50. Nd3 Bc8 51. Nb4 Bb7
52. e6 fxe6 53. Nd3 Bc6 54. Nc5 Kd6 55. Nxa6 e5 56. Nb4 e4
57. Kd2 Ba8 58. Kc3 Ke6 59. Na6 Kf5 60. Nc7 Bc6 61. a6 Kg4
62. a7 Kxh4 63. Nxb5 Kg3 64. Kb4 e3 65. Kc5 Ba8 66. Nc3 h4
67. Kb6 h3 0-1

[Event "World Cup"]
[Site "Khanty-Mansiysk RUS"]
[Date "2019.09.12"]
[EventDate "2019.09.10"]
[Round "1.6"]
[Result "1-0"]
[White "Vladimir Fedoseev"]
[Black "Surya Shekhar Ganguly"]
[WhiteElo "2664"]
[BlackElo "2658"]
[PlyCount "63"]

1. d4 Nf6 2. c4 g6 3. Nc3 Bg7 4. e4 d6 5. Be2 O-O 6. Nf3 Na6
7. O-O e5 8. Be3 Ng4 9. Bg5 Qe8 10. c5 exd4 11. Nd5 Qxe4
12. Ne7+ Kh8 13. Bd3 Qe6 14. Re1 Qd7 15. Bxa6 dxc5 16. Bc4 h6
17. Bf4 Re8 18. Nd5 Rxe1+ 19. Qxe1 b5 20. Nxc7 bxc4 21. Nxa8
Bb7 22. Nc7 Qf5 23. Bg3 Bxf3 24. gxf3 Ne5 25. Bxe5 Bxe5
26. Nd5 d3 27. Qe4 Qh5 28. h4 Bxb2 29. Rb1 d2 30. Kf1 Kg7
31. Ke2 c3 32. Kd1 1-0

[Event "World Cup"]
[Site "Khanty-Mansiysk RUS"]
[Date "2019.09.12"]
[EventDate "2019.09.10"]
[Round "1.6"]
[Result "0-1"]
[White "Nijat Abasov"]
[Black "Kacper Piorun"]
[WhiteElo "2632"]
[BlackElo "2660"]
[PlyCount "90"]

1. d4 f5 2. g3 Nf6 3. Bg2 g6 4. Nh3 d6 5. c3 Bg7 6. Nf4 c6
7. h4 e5 8. dxe5 dxe5 9. Qxd8+ Kxd8 10. Nd3 Nbd7 11. Nd2 e4
12. Nf4 Re8 13. Nc4 Ng4 14. h5 g5 15. h6 Bxh6 16. Nh3 Rg8
17. f3 exf3 18. exf3 Nge5 19. Nxe5 Nxe5 20. Nf2 Nf7 21. Be3 f4
22. Bd4 fxg3 23. Ne4 Bf5 24. Nxg3 Bg6 25. Bh3 Kc7 26. Kf2 Bg7
27. Bxg7 Rxg7 28. Nf5 Bxf5 29. Bxf5 Rh8 30. Rh5 Nd6 31. Bd3
Ne8 32. Rg1 h6 33. Rgh1 Rd7 34. Ke2 Ng7 35. Rxh6 Re8+ 36. Be4
Nf5 37. R6h3 Nd6 38. Ke3 g4 39. Rh8 Re6 40. Kf4 gxf3 41. Bxf3
Rf7+ 42. Kg4 Rg6+ 43. Kh5 Rgg7 44. Rh3 Rf6 45. Bd1 Nf7 0-1

[Event "World Cup"]
[Site "Khanty-Mansiysk RUS"]
[Date "2019.09.12"]
[EventDate "2019.09.10"]
[Round "1.7"]
[Result "1/2-1/2"]
[White "Michael Adams"]
[Black "Chithambaram V R Aravindh"]
[WhiteElo "2694"]
[BlackElo "2609"]
[PlyCount "115"]

1. e4 e5 2. Nf3 Nc6 3. Bb5 a6 4. Ba4 Nf6 5. d3 b5 6. Bb3 Bc5
7. c3 d6 8. Bg5 h6 9. Bh4 Bb6 10. Nbd2 Qe7 11. Nf1 Be6 12. Qe2
Bxb3 13. axb3 Qe6 14. Bxf6 Qxf6 15. Ne3 Bxe3 16. Qxe3 O-O
17. O-O Qe6 18. b4 a5 19. bxa5 Nxa5 20. d4 Qb3 21. Nd2 Qxb2
22. Rab1 Qa2 23. dxe5 Nc4 24. Nxc4 Qxc4 25. Rb4 Qc6 26. exd6
cxd6 27. Qd3 Ra3 28. Qxb5 Qxb5 29. Rxb5 Rxc3 30. Rd1 Rfc8
31. Rbd5 Rc1 32. Rxd6 h5 33. g3 g6 34. Kg2 Rxd1 35. Rxd1 Kg7
36. Rd2 Rc3 37. e5 Kf8 38. f4 Ke7 39. Ra2 Rb3 40. Kh3 Kf8
41. Kh4 Kg7 42. Kg5 Rb7 43. Ra3 Rc7 44. h3 Rc5 45. Ra7 Rb5
46. g4 hxg4 47. hxg4 Rc5 48. Re7 Ra5 49. f5 Rxe5 50. Rxe5 f6+
51. Kf4 fxe5+ 52. Kxe5 gxf5 53. Kxf5 Kf7 54. g5 Kg7 55. g6 Kg8
56. Kf6 Kf8 57. g7+ Kg8 58. Kg6 1/2-1/2

[Event "World Cup"]
[Site "Khanty-Mansiysk RUS"]
[Date "2019.09.12"]
[EventDate "2019.09.10"]
[Round "1.8"]
[Result "1-0"]
[White "Chithambaram V R Aravindh"]
[Black "Michael Adams"]
[WhiteElo "2609"]
[BlackElo "2694"]
[PlyCount "137"]

1. e4 e5 2. Nf3 Nc6 3. Bc4 Bc5 4. O-O Nf6 5. d3 d6 6. c3 O-O
7. Re1 a6 8. a4 Ba7 9. h3 Ne7 10. d4 Ng6 11. dxe5 Nxe5
12. Nxe5 dxe5 13. Qxd8 Rxd8 14. Nd2 Re8 15. Nf3 Be6 16. Bxe6
Rxe6 17. Bg5 Ne8 18. Rad1 f6 19. Be3 Bxe3 20. Rxe3 Rd6
21. Red3 a5 22. Kf1 Raa6 23. Ke2 Rab6 24. R1d2 Kf7 25. Ne1 Ke6
26. h4 h5 27. g3 g6 28. Ng2 Rxd3 29. Kxd3 Nd6 30. Ne3 Rc6
31. f4 exf4 32. gxf4 f5 33. e5 Ne4 34. Rg2 Nc5+ 35. Kc2 Kf7
36. b3 Ne6 37. Rf2 Ra6 38. Nc4 Ra8 39. Rd2 Ke7 40. Rf2 b6
41. Ne3 Rd8 42. Ng2 Nc5 43. Ne1 c6 44. Rg2 Kf7 45. Nf3 Ne6
46. Ng5+ Nxg5 47. Rxg5 b5 48. Rg3 Rd5 49. Rd3 Ke6 50. Rg3 Kf7
51. Rd3 Ke6 52. Rxd5 Kxd5 53. Kd3 bxa4 54. bxa4 c5 55. Kd2 Ke6
56. Ke3 Kd5 57. Kd3 c4+ 58. Ke3 Kc5 59. Ke2 Kc6 60. Kf3 Kc5
61. Ke3 Kd5 62. e6 Kxe6 63. Kd4 Kd6 64. Kxc4 Kc6 65. Kd4 Kd6
66. c4 Kc6 67. c5 Kd7 68. Kd5 Kc7 69. c6 1-0

[Event "World Cup"]
[Site "Khanty-Mansiysk RUS"]
[Date "2019.09.12"]
[EventDate "2019.09.10"]
[Round "1.8"]
[Result "0-1"]
[White "Kacper Piorun"]
[Black "Nijat Abasov"]
[WhiteElo "2660"]
[BlackElo "2632"]
[PlyCount "150"]

1. e4 c5 2. Nf3 Nc6 3. Bb5 g6 4. Bxc6 dxc6 5. d3 Nf6 6. h3 Nh5
7. Nc3 b6 8. Be3 Qc7 9. Qd2 e5 10. Ne2 h6 11. g4 Nf6 12. O-O-O
Bg7 13. g5 hxg5 14. Nxg5 Nh5 15. Rhg1 f6 16. Nf3 Qf7 17. Kb1
Bxh3 18. Nh4 g5 19. Nf5 Bxf5 20. exf5 O-O-O 21. Nc3 Bf8
22. Qe2 Be7 23. Qf3 Ng7 24. Qxc6+ Kb8 25. a4 Nxf5 26. a5 Qe8
27. Qe6 Qd7 28. Qb3 Qc6 29. axb6 axb6 30. Rg4 Kb7 31. Ra4 Ra8
32. Rxa8 Rxa8 33. Nd5 Bd8 34. Nc3 Nd6 35. Re1 Bc7 36. Nd5 Bd8
37. Nc3 c4 38. dxc4 Qxc4 39. Rd1 Qxb3 40. cxb3 Kc6 41. b4 f5
42. Rd5 f4 43. b5+ Kd7 44. Ne4 fxe3 45. Rxd6+ Ke7 46. Rd3 exf2
47. Nxf2 Ra4 48. Re3 Ke6 49. Ne4 g4 50. Kc2 Rd4 51. Nf2 Kf5
52. Nd3 e4 53. Nf2 Bg5 54. Re2 g3 55. Nh3 Bh6 56. Ng1 Rd5
57. Re1 Bf4 58. Rf1 Kg4 59. Kc3 Rc5+ 60. Kd4 e3 61. Ne2 Bg5
62. Rg1 Bh4 63. Kxe3 Rxb5 64. Ra1 Rb3+ 65. Ke4 Rxb2 66. Nd4
Rb4 67. Ra8 Bf6 68. Rg8+ Kh3 69. Kf3 Rxd4 70. Rxg3+ Kh4
71. Rg6 Rd6 72. Rg4+ Kh5 73. Rb4 Kg6 74. Ke4 Kf7 75. Rb3 Ke7
0-1

[Event "World Cup"]
[Site "Khanty-Mansiysk RUS"]
[Date "2019.09.13"]
[EventDate "2019.09.10"]
[Round "2.1"]
[Result "1/2-1/2"]
[White "Kirill Alekseenko"]
[Black "Johan-Sebastian Christiansen"]
[WhiteElo "2671"]
[BlackElo "2558"]
[PlyCount "131"]

1. e4 e6 2. d4 d5 3. Nc3 Nf6 4. e5 Nfd7 5. f4 c5 6. Nf3 Nc6
7. Be3 cxd4 8. Nxd4 Qb6 9. Qd2 Qxb2 10. Rb1 Qa3 11. Bb5 Nxd4
12. Bxd4 a6 13. Bxd7+ Bxd7 14. Rb3 Qe7 15. Rxb7 Qd8 16. O-O
Qc8 17. Rfb1 Bc5 18. f5 Bxd4+ 19. Qxd4 Bb5 20. Rb6 O-O 21. a4
Qc4 22. Nxb5 axb5 23. Qxc4 bxc4 24. fxe6 fxe6 25. Ra1 Ra5
26. Rxe6 Rfa8 27. Rd6 Rxa4 28. Rxa4 Rxa4 29. Rxd5 Ra2 30. e6
Kf8 31. Rd2 Ke7 32. Re2 Ra1+ 33. Kf2 Rh1 34. h3 Rd1 35. Kf3 h6
36. Re4 Rd2 37. Rxc4 Kxe6 38. Re4+ Kf5 39. Re2 Rd4 40. Ke3 Ke5
41. Rd2 Rc4 42. Kd3 Kd5 43. Rf2 Rd4+ 44. Kc3 Re4 45. Rd2+ Kc5
46. Kd3 Kd5 47. c3 Re1 48. c4+ Kc5 49. Rf2 Rg1 50. Ra2 Rd1+
51. Ke4 Rd6 52. Rc2 Rg6 53. Ke5 Rf6 54. Rc3 Rg6 55. g3 Rf6
56. g4 Rf7 57. Ke4 g6 58. Ra3 Kxc4 59. Ra6 Re7+ 60. Kf4 Rf7+
61. Ke5 Rf3 62. h4 Re3+ 63. Kf6 Rh3 64. Kxg6 Rxh4 65. Kf5 Kd5
66. Ra7 1/2-1/2

[Event "World Cup"]
[Site "Khanty-Mansiysk RUS"]
[Date "2019.09.13"]
[EventDate "2019.09.10"]
[Round "2.1"]
[Result "1/2-1/2"]
[White "Daniil Yuffa"]
[Black "Luke McShane"]
[WhiteElo "2577"]
[BlackElo "2682"]
[PlyCount "263"]

1. d4 Nf6 2. c4 g6 3. Nc3 Bg7 4. e4 d6 5. Nf3 O-O 6. Be2 e5
7. O-O Na6 8. Be3 Qe8 9. dxe5 dxe5 10. h3 b6 11. a3 Nc5
12. Qc2 Nfd7 13. Nd5 Qd8 14. b4 Ne6 15. b5 Bb7 16. Rad1 c6
17. bxc6 Bxc6 18. Qb1 Rc8 19. Bd3 Ndc5 20. Bc2 Qe8 21. g3 Kh8
22. h4 h5 23. Kh2 Bd7 24. Rd2 Nd8 25. Kg1 Ndb7 26. Re1 Bg4
27. Nh2 Be6 28. Nf3 Na5 29. Qa2 Ncb7 30. Bd3 Qa4 31. Ng5 Bxd5
32. cxd5 Nd6 33. Rc2 Rxc2 34. Bxc2 Qb5 35. a4 Qb4 36. Rb1 Qc4
37. Qxc4 Naxc4 38. Bc1 Rc8 39. Bd3 Kg8 40. Kf1 Nb7 41. Ke2 Bf8
42. f4 Bd6 43. f5 gxf5 44. exf5 Be7 45. Ne4 Ncd6 46. f6 Bd8
47. Ba3 Nxe4 48. Bxe4 Bxf6 49. d6 Nd8 50. Rc1 Rxc1 51. Bxc1
Ne6 52. Be3 Kf8 53. Kd3 Nd4 54. Kc4 Ke8 55. Kd5 Ne2 56. Kc6
Nxg3 57. d7+ Kd8 58. a5 bxa5 59. Bxa7 Ke7 60. Bd5 Kf8 61. Be3
Bd8 62. Bc5+ Kg7 63. Bb6 Be7 64. Bxa5 Nf5 65. d8=Q Bxd8
66. Bxd8 f6 67. Kd7 Nxh4 68. Ke6 Ng6 69. Bxf6+ Kh6 70. Kf5 h4
71. Bg5+ Kg7 72. Be4 Kf7 73. Bf6 Ne7+ 74. Kxe5 Ng6+ 75. Kf5
Ne7+ 76. Kg5 Ke6 77. Bd4 h3 78. Bg1 Ke5 79. Bb1 Nd5 80. Bf5 h2
81. Bxh2+ Kd4 82. Bh7 Nb4 83. Kf5 Nd3 84. Bg1+ Kd5 85. Bg8+
Kd6 86. Ke4 Nc5+ 87. Kd4 Ne6+ 88. Kc4 Ke5 89. Bh2+ Kf5
90. Bh7+ Kf6 91. Kd5 Ng7 92. Be5+ Kf7 93. Bc2 Ne8 94. Bb2 Ng7
95. Ke5 Ne8 96. Bc1 Ng7 97. Bb3+ Kg6 98. Ba4 Kf7 99. Bd7 Ke7
100. Bg4 Kf7 101. Be2 Kg6 102. Bd1 Kf7 103. Bd2 Kg6 104. Bc2+
Kf7 105. Kd6 Ne8+ 106. Kd7 Nf6+ 107. Kc6 Ne8 108. Kd5 Nf6+
109. Ke5 Ne8 110. Bb3+ Kg6 111. Ba5 Ng7 112. Bd8 Nh5 113. Bh4
Ng7 114. Bc2+ Kf7 115. Kd6 Ne8+ 116. Kd7 Nf6+ 117. Kd8 Ke6
118. Bb3+ Ke5 119. Bg3+ Kd4 120. Ke7 Ne4 121. Bh2 Nd2 122. Bd1
Ne4 123. Ke6 Nc5+ 124. Kd6 Nd3 125. Bg3 Kc4 126. Be2 Kd4
127. Bh4 Kc3 128. Bg5 Nb2 129. Kd5 Kb3 130. Bf6 Kc2 131. Bh5
Kb3 132. Bg6 1/2-1/2

[Event "World Cup"]
[Site "Khanty-Mansiysk RUS"]
[Date "2019.09.13"]
[EventDate "2019.09.10"]
[Round "2.1"]
[Result "1/2-1/2"]
[White "Ernesto Inarkiev"]
[Black "Xiangyu Xu"]
[WhiteElo "2693"]
[BlackElo "2576"]
[PlyCount "86"]

1. d4 Nf6 2. c4 c6 3. Nf3 d5 4. e3 g6 5. Nc3 Bg7 6. Be2 O-O
7. O-O a6 8. b3 Ne4 9. Bb2 Nxc3 10. Bxc3 Bg4 11. Rc1 e6
12. Ne5 Bxe2 13. Qxe2 Nd7 14. e4 Nf6 15. f3 Nd7 16. Rfd1 dxe4
17. Qxe4 Re8 18. Qf4 Qf6 19. Qxf6 Nxf6 20. Kf2 Rad8 21. Ke3
Nd7 22. f4 f6 23. Nf3 e5 24. dxe5 fxe5 25. Nxe5 Nxe5 26. Bxe5
Bxe5 27. Rxd8 Bxf4+ 28. Kxf4 Rxd8 29. Ke3 Kf7 30. c5 Rd5
31. Rc4 a5 32. b4 axb4 33. Rxb4 Rxc5 34. Rxb7+ Ke6 35. Rxh7
Rc2 36. g4 Rxa2 37. h4 Kf6 38. Rc7 Ra3+ 39. Kd2 Ra4 40. Rxc6+
Kg7 41. h5 Rxg4 42. Rxg6+ Rxg6 43. hxg6 Kxg6 1/2-1/2

[Event "World Cup"]
[Site "Khanty-Mansiysk RUS"]
[Date "2019.09.13"]
[EventDate "2019.09.10"]
[Round "2.1"]
[Result "1-0"]
[White "Sarin Nihal"]
[Black "Eltaj Safarli"]
[WhiteElo "2610"]
[BlackElo "2593"]
[PlyCount "73"]

1. e4 e5 2. Nf3 Nc6 3. Bb5 a6 4. Ba4 Nf6 5. O-O Be7 6. Re1 b5
7. Bb3 d6 8. c3 O-O 9. h3 Nb8 10. d4 Nbd7 11. Nbd2 Bb7 12. Bc2
Re8 13. Nf1 Bf8 14. Ng3 g6 15. a4 Bg7 16. Bd3 c6 17. Bg5 h6
18. Be3 Qc7 19. Qd2 Kh7 20. b4 Nb6 21. dxe5 dxe5 22. a5 Nbd7
23. c4 Rad8 24. Qa2 Kg8 25. Bc2 Qd6 26. Bb3 Qe7 27. Rad1 Rc8
28. Nh4 Kf8 29. c5 Nb8 30. Rd6 Red8 31. Ngf5 gxf5 32. Nxf5 Qc7
33. Nxg7 Kxg7 34. Bxh6+ Kxh6 35. Rxf6+ Kg5 36. Rf5+ Kh6
37. Qe2 1-0

[Event "World Cup"]
[Site "Khanty-Mansiysk RUS"]
[Date "2019.09.13"]
[EventDate "2019.09.10"]
[Round "2.1"]
[Result "1/2-1/2"]
[White "Maxim Matlakov"]
[Black "Boris Gelfand"]
[WhiteElo "2716"]
[BlackElo "2686"]
[PlyCount "103"]

1. d4 Nf6 2. c4 e6 3. Nf3 d5 4. Nc3 c6 5. e3 Nbd7 6. Bd3 dxc4
7. Bxc4 b5 8. Bd3 Bb7 9. O-O a6 10. e4 c5 11. d5 c4 12. Bc2
Qc7 13. dxe6 fxe6 14. Ng5 Nc5 15. e5 Qxe5 16. Re1 Qd6 17. Qxd6
Bxd6 18. Be3 O-O 19. Rad1 Be7 20. Bxc5 Bxc5 21. Nxe6 Rfc8
22. Nxc5 Rxc5 23. f3 Kf8 24. Kf2 Re8 25. Rxe8+ Kxe8 26. h4 b4
27. Ne2 Bd5 28. g4 Bf7 29. g5 b3 30. axb3 cxb3 31. Bd3 Nh5
32. Nc3 Bg6 33. Bxg6+ hxg6 34. Rd6 Rc4 35. Rxg6 Rxh4 36. Ke3
Rh2 37. Na4 Rg2 38. Rxa6 Rxg5 39. Rb6 Re5+ 40. Kf2 Nf4
41. Rxb3 Re2+ 42. Kg3 Nh5+ 43. Kg4 g6 44. Nc5 Rg2+ 45. Kh4 Kf7
46. Rb6 Nf4 47. Ne4 Kg7 48. Ng5 Kh6 49. Rb5 Ne2 50. Nf7+ Kg7
51. Ng5 Kh6 52. Nf7+ 1/2-1/2

[Event "World Cup"]
[Site "Khanty-Mansiysk RUS"]
[Date "2019.09.13"]
[EventDate "2019.09.10"]
[Round "2.1"]
[Result "1/2-1/2"]
[White "Gawain Jones"]
[Black "Dmitry Jakovenko"]
[WhiteElo "2688"]
[BlackElo "2681"]
[PlyCount "86"]

1. e4 e5 2. Nf3 Nc6 3. Bb5 Nf6 4. O-O Nxe4 5. Re1 Nd6 6. Nxe5
Be7 7. Bf1 Nxe5 8. Rxe5 O-O 9. d4 Bf6 10. Re1 Nf5 11. d5 Re8
12. Rxe8+ Qxe8 13. Qd3 d6 14. Nd2 c6 15. c3 cxd5 16. Qxd5 Qc6
17. Qxc6 bxc6 18. Ne4 Be7 19. Bf4 d5 20. Ng3 Nxg3 21. Bxg3 a5
22. Re1 Be6 23. Be5 Ra7 24. Bd3 Rb7 25. b3 g6 26. Kf1 Kf8
27. c4 dxc4 28. Bxc4 Bxc4+ 29. bxc4 Rb4 30. Rc1 f6 31. Bd4 c5
32. Ba1 Kf7 33. Ke2 f5 34. f4 Bf6 35. Bxf6 Kxf6 36. Rc2 h6
37. a3 Rb3 38. Rd2 Rxa3 39. Rd6+ Kf7 40. Rc6 Ra2+ 41. Kf3 Rc2
42. Rxc5 a4 43. Rc7+ Ke6 1/2-1/2

[Event "World Cup"]
[Site "Khanty-Mansiysk RUS"]
[Date "2019.09.13"]
[EventDate "2019.09.10"]
[Round "2.1"]
[Result "1/2-1/2"]
[White "Daniil Dubov"]
[Black "Alireza Firouzja"]
[WhiteElo "2699"]
[BlackElo "2702"]
[PlyCount "95"]

1. c4 Nf6 2. Nc3 e5 3. Nf3 Nc6 4. g3 Bb4 5. Nd5 e4 6. Nh4 d6
7. Bg2 g5 8. Qa4 gxh4 9. Nxb4 Bd7 10. Nxc6 Bxc6 11. Qa5 Qd7
12. b3 h3 13. Bf1 Rg8 14. Bb2 b6 15. Qc3 Rg6 16. Qe3 Qe6
17. Qf4 e3 18. f3 exd2+ 19. Kxd2 d5 20. Qe5 dxc4 21. Qxe6+
fxe6 22. bxc4 O-O-O+ 23. Ke1 Ng4 24. Bxh3 Ne3 25. Kf2 Nxc4
26. Bc3 Kb7 27. g4 e5 28. Rac1 b5 29. Rhd1 Rf8 30. a4 a6
31. axb5 axb5 32. Bb4 Rf7 33. Rc3 e4 34. Kg3 h5 35. f4 hxg4
36. Bg2 e3 37. Rd5 Ka6 38. Rc1 Bxd5 39. Bxd5 Rd7 40. Be4 Rf6
41. Bc5 Nb6 42. f5 Nd5 43. Rd1 c6 44. Ra1+ Kb7 45. Ra7+ Kc8
46. Ra8+ Kb7 47. Ra7+ Kc8 48. Ra8+ 1/2-1/2

[Event "World Cup"]
[Site "Khanty-Mansiysk RUS"]
[Date "2019.09.14"]
[EventDate "2019.09.10"]
[Round "2.2"]
[Result "1/2-1/2"]
[White "Johan-Sebastian Christiansen"]
[Black "Kirill Alekseenko"]
[WhiteElo "2558"]
[BlackElo "2671"]
[PlyCount "60"]

1. e4 e5 2. Nf3 Nc6 3. Nc3 Nf6 4. d4 exd4 5. Nxd4 Bb4 6. Nxc6
bxc6 7. Bd3 d5 8. exd5 O-O 9. O-O cxd5 10. Bg5 c6 11. Qf3 Bd6
12. Rae1 h6 13. Bxf6 Qxf6 14. Qxf6 gxf6 15. Nd1 Rb8 16. b3 f5
17. Ne3 f4 18. Nf5 Bxf5 19. Bxf5 Kg7 20. g3 Kf6 21. Bd3 Rfe8
22. Kg2 Re6 23. Kf3 fxg3 24. hxg3 Rbe8 25. Re2 Bc5 26. Rh1 Kg7
27. Rh5 Rf6+ 28. Rf5 Ree6 29. Rxf6 Kxf6 30. Ba6 Rxe2 1/2-1/2

[Event "World Cup"]
[Site "Khanty-Mansiysk RUS"]
[Date "2019.09.14"]
[EventDate "2019.09.10"]
[Round "2.2"]
[Result "1/2-1/2"]
[White "Luke McShane"]
[Black "Daniil Yuffa"]
[WhiteElo "2682"]
[BlackElo "2577"]
[PlyCount "48"]

1. e4 c6 2. Nf3 d5 3. Nc3 Bg4 4. h3 Bxf3 5. Qxf3 e6 6. Be2 Bc5
7. O-O Nd7 8. Qg3 Bd4 9. d3 Ne7 10. Bd1 O-O 11. Ne2 Bb6 12. c3
e5 13. exd5 cxd5 14. d4 Re8 15. Bb3 Nf5 16. Qd3 exd4 17. cxd4
Nf6 18. Qxf5 Rxe2 19. Be3 Rxb2 20. Qd3 Qe7 21. Qc3 Re2 22. Qd3
Rb2 23. Qc3 Re2 24. Qd3 Rb2 1/2-1/2

[Event "World Cup"]
[Site "Khanty-Mansiysk RUS"]
[Date "2019.09.14"]
[EventDate "2019.09.10"]
[Round "2.2"]
[Result "1-0"]
[White "Xiangyu Xu"]
[Black "Ernesto Inarkiev"]
[WhiteElo "2576"]
[BlackElo "2693"]
[PlyCount "91"]

1. d4 Nf6 2. c4 e6 3. Nc3 Bb4 4. Nf3 b6 5. Bd2 O-O 6. e3 c5
7. Bd3 Ba6 8. a3 Bxc3 9. Bxc3 d5 10. dxc5 dxc4 11. Bc2 Nbd7
12. cxb6 axb6 13. h4 Qc7 14. Qd4 Rfd8 15. h5 h6 16. Rh3 Kf8
17. Rg3 Bb7 18. Qh4 Qd6 19. Rd1 Qe7 20. Qxc4 Nc5 21. Rxd8+
Rxd8 22. Qh4 Be4 23. Rxg7 Kxg7 24. Bxe4 Nd7 25. Ne5 Rc8
26. Nxd7 Rxc3 27. Qg3+ Kh8 28. Nxf6 Qxf6 29. bxc3 Qxc3+
30. Ke2 f5 31. Bd3 Qb2+ 32. Kf3 Qxa3 33. Qe5+ Kh7 34. Qc7+ Kg8
35. Qd8+ Kf7 36. Bc4 Qa4 37. Qc8 Qd1+ 38. Kf4 Qd6+ 39. Kf3
Qd1+ 40. Be2 Qd5+ 41. Kg3 Qe5+ 42. Kh3 Qb2 43. Bc4 Qe5
44. Qd7+ Kf6 45. Qd8+ Kf7 46. Qxb6 1-0

[Event "World Cup"]
[Site "Khanty-Mansiysk RUS"]
[Date "2019.09.14"]
[EventDate "2019.09.10"]
[Round "2.2"]
[Result "1-0"]
[White "Eltaj Safarli"]
[Black "Sarin Nihal"]
[WhiteElo "2593"]
[BlackElo "2610"]
[PlyCount "73"]

1. e4 e5 2. Nf3 Nc6 3. Bc4 Bc5 4. b4 Bxb4 5. c3 Ba5 6. d4 d6
7. Qb3 Qd7 8. O-O Bb6 9. Nbd2 Na5 10. Qb1 Ne7 11. dxe5 O-O
12. Bb5 c6 13. Bd3 Rd8 14. Nc4 Nxc4 15. Bxc4 Ng6 16. Rd1 Qg4
17. Rxd6 Rf8 18. Qb3 Nf4 19. Bxf4 Qxf4 20. Rd3 Bg4 21. e6 fxe6
22. Bxe6+ Kh8 23. Bxg4 Qxe4 24. Rd7 Qxg4 25. Ne5 Qf4 26. Nf7+
Kg8 27. Nd6+ Kh8 28. Rf1 h6 29. Kh1 Rf6 30. Nc4 Bxf2 31. Nd2
Qg4 32. Rxb7 Rg6 33. Rxf2 Kh7 34. Nf3 Re8 35. Qb1 Re3 36. Rb4
Qe6 37. Rf1 1-0

[Event "World Cup"]
[Site "Khanty-Mansiysk RUS"]
[Date "2019.09.14"]
[EventDate "2019.09.10"]
[Round "2.2"]
[Result "1/2-1/2"]
[White "Dmitry Jakovenko"]
[Black "Gawain Jones"]
[WhiteElo "2681"]
[BlackElo "2688"]
[PlyCount "61"]

1. e4 e5 2. Nf3 Nc6 3. Bb5 a6 4. Ba4 Nf6 5. O-O Bc5 6. c3 b5
7. Bb3 d6 8. a4 b4 9. d4 Ba7 10. Be3 O-O 11. Nbd2 bxc3
12. bxc3 Bg4 13. Qc2 exd4 14. Nxd4 Bd7 15. h3 Ne5 16. Rfe1 Re8
17. N4f3 a5 18. Nxe5 dxe5 19. Bxa7 Rxa7 20. Bc4 Qe7 21. Rab1
Raa8 22. Bb5 Red8 23. Bxd7 Nxd7 24. Nc4 Qe6 25. Ne3 c6
26. Red1 Nc5 27. Rxd8+ Rxd8 28. Rd1 Rxd1+ 29. Qxd1 Qd7
30. Qxd7 Nxd7 31. Nc4 1/2-1/2

[Event "World Cup"]
[Site "Khanty-Mansiysk RUS"]
[Date "2019.09.14"]
[EventDate "2019.09.10"]
[Round "2.2"]
[Result "1/2-1/2"]
[White "M Amin Tabatabaei"]
[Black "Jeffery Xiong"]
[WhiteElo "2642"]
[BlackElo "2707"]
[PlyCount "60"]

1. d4 Nf6 2. c4 g6 3. Nc3 d5 4. Nf3 Bg7 5. h4 c5 6. dxc5 O-O
7. cxd5 Na6 8. g3 Nxc5 9. Bg2 Bf5 10. O-O Nce4 11. Nxe4 Bxe4
12. d6 Qxd6 13. Qxd6 exd6 14. Rd1 Bc2 15. Rd2 Rac8 16. Ne1 Be4
17. Rxd6 Bxg2 18. Kxg2 Rfe8 19. Be3 Ng4 20. Bxa7 Rxe2 21. Rad1
Bxb2 22. Kf3 Rce8 23. Kxg4 Rxe1 24. Rxe1 Rxe1 25. Rb6 h5+
26. Kf3 Bg7 27. Rxb7 Ra1 28. Rb8+ Kh7 29. Rb7 Kg8 30. Rb8+ Kh7
1/2-1/2

[Event "World Cup"]
[Site "Khanty-Mansiysk RUS"]
[Date "2019.09.15"]
[EventDate "2019.09.10"]
[Round "2.3"]
[Result "1-0"]
[White "Kirill Alekseenko"]
[Black "Johan-Sebastian Christiansen"]
[WhiteElo "2671"]
[BlackElo "2558"]
[PlyCount "77"]

1. e4 e6 2. d4 d5 3. e5 c5 4. c3 Qb6 5. Nf3 Nc6 6. a3 Nge7
7. dxc5 Qc7 8. Be3 Nxe5 9. Nxe5 Qxe5 10. Bb5+ Nc6 11. O-O Bd7
12. Nd2 Be7 13. Nf3 Qh5 14. b4 Bf6 15. Rc1 O-O 16. Be2 Qg6
17. c4 Ne7 18. Bf4 Rfd8 19. Bc7 Rdc8 20. Ne5 Bxe5 21. Bxe5 a5
22. Rc3 Nf5 23. Rh3 axb4 24. axb4 Qg5 25. f4 Qe7 26. Bd3 dxc4
27. Bxf5 exf5 28. Qh5 f6 29. Qxh7+ Kf7 30. Rg3 Qf8 31. Qg6+
Ke6 32. Bd6 Qg8 33. Re3+ Kd5 34. b5 c3 35. Qg3 Ra3 36. Qf3+
Kc4 37. Qe2+ Kb3 38. c6 bxc6 39. Qd1+ 1-0

[Event "World Cup"]
[Site "Khanty-Mansiysk RUS"]
[Date "2019.09.15"]
[EventDate "2019.09.10"]
[Round "2.3"]
[Result "0-1"]
[White "Luke McShane"]
[Black "Daniil Yuffa"]
[WhiteElo "2682"]
[BlackElo "2577"]
[PlyCount "180"]

1. e4 c6 2. d4 d5 3. e5 Bf5 4. h4 h5 5. Bd3 Bxd3 6. Qxd3 Qa5+
7. Nd2 e6 8. Nf3 Ne7 9. O-O Nf5 10. c3 Qa6 11. Qc2 c5 12. dxc5
Bxc5 13. c4 dxc4 14. Nxc4 Nc6 15. Be3 Be7 16. Qe4 O-O 17. a3
Rfd8 18. Rac1 Qb5 19. g3 Qd5 20. Qxd5 exd5 21. Ncd2 Nxe3
22. fxe3 Re8 23. Nb1 Rad8 24. Rfd1 Bf8 25. Rd3 Nxe5 26. Nxe5
Rxe5 27. Kf2 g5 28. hxg5 Rf5+ 29. Ke2 Rxg5 30. Nc3 Bg7 31. Kf3
Rc8 32. Rb1 Rf5+ 33. Kg2 Bxc3 34. bxc3 b6 35. Rb4 Rc5 36. a4
Kg7 37. e4 Re5 38. exd5 Rcxd5 39. Rxd5 Rxd5 40. Re4 Kg6
41. Re7 Ra5 42. Re4 Kg5 43. Rd4 f5 44. Kf2 Rc5 45. Rd7 a5
46. Rg7+ Kf6 47. Rb7 Rc6 48. Ke2 Kg5 49. Rg7+ Rg6 50. Rc7 Kg4
51. Kf2 f4 52. gxf4 Kxf4 53. c4 Re6 54. c5 bxc5 55. Rxc5 Re5
56. Rc4+ Kf5 57. Kf3 Ke6 58. Rd4 Rd5 59. Rc4 Kd6 60. Ke3 Rg5
61. Rc8 Rg4 62. Rd8+ Ke6 63. Re8+ Kf6 64. Rf8+ Kg5 65. Kf3
Rxa4 66. Rc8 Ra3+ 67. Kg2 h4 68. Rc5+ Kf6 69. Rh5 h3+ 70. Kh2
a4 71. Rh4 Ke5 72. Rc4 Kd5 73. Rf4 Kc5 74. Rf5+ Kd4 75. Rf4+
Ke3 76. Rg4 Kd2 77. Rf4 Ra1 78. Kxh3 a3 79. Rf2+ Ke3 80. Kg2
Ke4 81. Re2+ Kd3 82. Rf2 Re1 83. Kf3 Re3+ 84. Kf4 Re4+ 85. Kf3
Ra4 86. Ra2 Kc3 87. Re2 a2 88. Re3+ Kb4 89. Re4+ Kb5 90. Re5+
Kc6 0-1

[Event "World Cup"]
[Site "Khanty-Mansiysk RUS"]
[Date "2019.09.15"]
[EventDate "2019.09.10"]
[Round "2.3"]
[Result "1-0"]
[White "Eltaj Safarli"]
[Black "Sarin Nihal"]
[WhiteElo "2593"]
[BlackElo "2610"]
[PlyCount "121"]

1. e4 e5 2. Nf3 Nc6 3. Bc4 Bc5 4. c3 Nf6 5. b4 Be7 6. d3 O-O
7. O-O d5 8. exd5 Nxd5 9. Re1 Bg4 10. h3 Bh5 11. b5 Na5
12. Rxe5 Nf6 13. Nbd2 Bd6 14. Re1 Re8 15. g4 Bg6 16. d4 Nxc4
17. Nxc4 Qd7 18. Nce5 Qxb5 19. c4 Qa6 20. Be3 Rad8 21. Qb3 c5
22. Nxg6 cxd4 23. Bxd4 hxg6 24. Rxe8+ Rxe8 25. Qb5 Rc8 26. Rd1
Bf4 27. Qxa6 bxa6 28. Be5 Bxe5 29. Nxe5 Kf8 30. Rd6 a5 31. Ra6
Rc5 32. f4 Rc7 33. Rxa5 Ne4 34. Kg2 g5 35. fxg5 Nxg5 36. c5
Ne6 37. Kf3 Ke7 38. Nd3 Kd7 39. h4 f6 40. Ke4 Ke7 41. a3 Nd8
42. Nf4 Kf7 43. Nd5 Rd7 44. Ra6 Ne6 45. Rc6 g6 46. Rc8 Rb7
47. c6 Rb1 48. Ra8 Re1+ 49. Ne3 f5+ 50. gxf5 gxf5+ 51. Kd3
Nf4+ 52. Kd2 Re2+ 53. Kd1 Rxe3 54. c7 Rc3 55. c8=Q Rxc8
56. Rxc8 Kg6 57. Ra8 Kh5 58. Rxa7 Kxh4 59. a4 Nd5 60. a5 f4
61. Ke2 1-0